Obstruction theory on homotopy classification maps
Guardat en:
| Autor principal: | |
|---|---|
| Format: | Llibre |
| Idioma: | anglès |
| Publicat: |
Berlín
Springer-Verlag
1977
|
| Col·lecció: | Lecture Notes in Mathematics, 628
|
| Matèries: | |
| Etiquetes: |
Afegir etiqueta
Sense etiquetes, Sigues el primer a etiquetar aquest registre!
|
MARC
| LEADER | 00000nam a2200000 a 4500 | ||
|---|---|---|---|
| 001 | UCQ9535 | ||
| 003 | CL-VaPUC | ||
| 008 | 990112e19770000GW |||||||||||||||||eng|d | ||
| 082 | 0 | 4 | |a 514.24 |b BAU |2 21 |
| 100 | 0 | |a Baues, Hans J |e author |9 424151 | |
| 245 | 1 | 0 | |a Obstruction theory on homotopy classification maps |
| 300 | |a 387 p | ||
| 942 | |c BK | ||
| 945 | |d 19990112 00:00:00 |a crobeson | ||
| 260 | |a Berlín |b Springer-Verlag |c 1977 | ||
| 650 | 7 | |a TEORIA DE LA HOMOTOPIA |2 CL-VaPUC |9 424152 | |
| 650 | 0 | |a Topología algebraica |9 269858 | |
| 583 | |a last modification |c 19990112 00:00:00 |k Rodrigo Vera | ||
| 490 | 0 | |a Lecture Notes in Mathematics, 628 | |
| 999 | |c 278535 |d 278533 | ||
| 952 | |0 0 |1 0 |4 0 |6 514_240000000000000_BAU_1977 |7 0 |8 A |9 317135 |a BIBMAT |b BIBMAT |d 2019-11-20 |i 1315757 |o 514.24 BAU 1977 |p 1315757 |r 2025-01-07 |w 2019-11-20 |y BK |k MAT | ||